000
00328nam a2200121Ia 4500
008
151021s9999 xx 000 0 und d
020
_a
425174271
050
_a
PS 3569 .A516C47 2000
245
_a
_Certain Prey/ John Sandford
260
_a
New York : Berkley , 2000
300
_a
368 p.
980
_a
^d20130228 11:08:26^oanne
999
_c
12894
_d
12894